Online
Catalog

El Cristo de la libertad / (Record no. 51281)

MARC details
000 -CABECERA
campo de control de longitud fija 01205nam a2200313 a 4500
003 - IDENTIFICADOR DEL NÚMERO DE CONTROL
campo de control DO-SdBNP
005 - FECHA Y HORA DE LA ÚLTIMA TRANSACCIÓN
campo de control 20260305073959.0
007 - CAMPO FIJO DE DESCRIPCIÓN FÍSICA--INFORMACIÓN GENERAL
campo de control de longitud fija ta
008 - DATOS DE LONGITUD FIJA--INFORMACIÓN GENERAL
campo de control de longitud fija 100901t2019 dr r 000 0bspa d
020 ## - NÚMERO INTERNACIONAL ESTÁNDAR DEL LIBRO
Número Internacional Estándar del Libro 9789945007282
040 ## - FUENTE DE LA CATALOGACIÓN
Centro catalogador/agencia de origen DO-SdBNP
Lengua de catalogación spa
Centro/agencia transcriptor BNPHU
082 #4 - NÚMERO DE LA CLASIFICACIÓN DECIMAL DEWEY
Número de clasificación 923.27293
Número de documento/Ítem D812b, 2019
Número de edición 22
245 13 - MENCIÓN DE TÍTULO
Título El Cristo de la libertad /
Mención de responsabilidad, etc. Joaquín Balaguer ; edición al cuidado de Cándido Gerón ; prólogo Dr. Jorge Tenas Reyes.
250 ## - MENCIÓN DE EDICIÓN
Mención de edición 10.º ed.
260 ## - PUBLICACIÓN, DISTRIBUCIÓN, ETC.
Lugar de publicación, distribución, etc. Santo Domingo :
Nombre del editor, distribuidor, etc. Fundación Joaquín Balaguer,
-- Búho,
Fecha de publicación, distribución, etc. 2019.
300 ## - DESCRIPCIÓN FÍSICA
Extensión 206 p. :
Otras características físicas il., retrs. ;
Dimensiones 23 cm.
500 ## - NOTA GENERAL
Nota general Incluye datos biográficos del autor en las solapas
500 ## - NOTA GENERAL
Nota general Incluye notas al pie de páginas.
500 ## - NOTA GENERAL
Nota general Incluye índice onomástico
504 ## - NOTA DE BIBLIOGRAFÍA, ETC.
Nota de bibliografía, etc. Bibliografía : p. 185-198
590 ## - NOTA LOCAL (RLIN)
Nota local Inventariado, 2022 / LP
600 10 - PUNTO DE ACCESO ADICIONAL DE MATERIA--NOMBRE DE PERSONA
Nombre de persona Duarte, Juan Pablo,
Fechas asociadas al nombre 1813-1876
9 (RLIN) 1494
650 #4 - PUNTO DE ACCESO ADICIONAL DE MATERIA--TÉRMINO DE MATERIA
Término de materia o nombre geográfico como elemento de entrada Estadístas
Subdivisión geográfica República Dominicana
Subdivisión de forma Biografías
9 (RLIN) 45404
651 10 - PUNTO DE ACCESO ADICIONAL DE MATERIA--NOMBRE GEOGRÁFICO
Nombre geográfico República Dominicana --
Subdivisión general Historia --
Subdivisión cronológica 1844-1930
9 (RLIN) 1009
700 1# - PUNTO DE ACCESO ADICIONAL--NOMBRE DE PERSONA
Nombre de persona Gerón, Candido,
Fechas asociadas al nombre 1948-
Término indicativo de función/relación edi.
9 (RLIN) 3577
700 1# - PUNTO DE ACCESO ADICIONAL--NOMBRE DE PERSONA
Nombre de persona Tenas Reyes, Jorge,
Término indicativo de función/relación pról.
9 (RLIN) 54454
910 ## - DATOS DE OPCIÓN DEL USUARIO (OCLC)
Datos de opción del usuario Lopérez./Validado.Control de calidad MFF
942 ## - ELEMENTOS DE PUNTO DE ACCESO ADICIONAL (KOHA)
Fuente del sistema de clasificación o colocación Dewey Decimal Classification
Tipo de ítem Koha Libro
Holdings
Estado de retiro Estado de pérdida Fuente del sistema de clasificación o colocación Restricciones de uso No para préstamo Código de colección Localización permanente Ubicación/localización actual Ubicación en estantería Fecha de adquisición Fuente de adquisición Total de préstamos Signatura topográfica completa Código de barras Fecha visto por última vez Precio válido a partir de Tipo de ítem Koha Número de copia
    Dewey Decimal Classification Préstamo restringido   Patrimonio Dominicano Biblioteca Nacional Pedro Henríquez Ureña Biblioteca Nacional Pedro Henríquez Ureña Depósito 01.02.2022 Depósito Legal   BNPHU PD 923.27293 D812b 2019 2022-0412 01.02.2022 01.02.2022 Libro  
    Dewey Decimal Classification Préstamo restringido   Patrimonio Dominicano Biblioteca Nacional Pedro Henríquez Ureña Biblioteca Nacional Pedro Henríquez Ureña Depósito 01.02.2022 Depósito Legal   BNPHU PD 923.27293 D812b 2019 2022-0413 01.02.2022 01.02.2022 Libro e.2
    Dewey Decimal Classification Préstamo en sala   Dominicana de Servicio Biblioteca Nacional Pedro Henríquez Ureña Biblioteca Nacional Pedro Henríquez Ureña Depósito 01.02.2022 Depósito Legal   BNPHU DS 923.27293 D812b 2019 2022-0414 01.02.2022 01.02.2022 Libro e.3

Powered by Koha